Missing Word: Girls' Names in Movies II Quiz Stats

Quiz Updated Sep 24, 2014

Challenge
Share
Tweet
Embed
Score 0/12 Timer 02:00
1 Play Today
Movie Girl's Name % Correct
When Harry Met ______Sally
98.5%
Fun with Dick and _____Jane
94.6%
Goodbye Raggedy ___Ann
90.1%
________'s BabyRosemary
84%
______ Sue Got MarriedPeggy
81.5%
How _______ Got Her Groove BackStella
75.2%
___ Luck ClubJoy
73.4%
_______'s AshesAngela
70.1%
Doing Time for ______ ClinePatsy
69.3%
A Christmas ______ Carol
63.7%
______ Doesn't Live Here AnymoreAlice
48.3%
The Sons of ______ ElderKatie
35.2%

Today's Daily Dose

You're not logged in!

Compare scores with friends on all Sporcle quizzes.
Sign Up with Email
OR
Log In

You Might Also Like...

Show Comments

Extras

Top Quizzes Today


Score Distribution

Your Account Isn't Verified!

In order to create a playlist on Sporcle, you need to verify the email address you used during registration. Go to your Sporcle Settings to finish the process.